The promise /

After his sort-of-girlfriend dies, teen-aged Bob is shocked to discover that their love was stronger than he thought, even strong enough to transcend death.

Bibliographic Details
Main Author: Westall, Robert
Format: Book
Language:English
Published: New York, NY : Scholastic Inc., [1990]
Subjects:

MARC

Tag First Indicator Second Indicator Subfields
LEADER 00000cam a22000008a 4500
001 in00001014921
005 20150927211045.0
008 900604s1990 nyu j 00011 eng
010 |a  90040564  
020 |a 0590437607 
035 |a (OCoLC)22116695 
035 |9 AFD0322AM 
040 |a DLC  |c DLC  |d TXA  |d UtOrBLW 
049 |a TXAM 
050 0 0 |a PZ7.W51953  |b Pr 1990 
082 0 0 |a [Fic]  |2 20 
100 1 |a Westall, Robert. 
245 1 4 |a The promise /  |c Robert Westall. 
263 |a 9103 
264 1 |a New York, NY :  |b Scholastic Inc.,  |c [1990] 
264 4 |c ©1990 
300 |a 169 pages  
336 |a text  |b txt  |2 rdacontent 
337 |a unmediated  |b n  |2 rdamedia 
338 |a volume  |b nc  |2 rdacarrier 
520 |a After his sort-of-girlfriend dies, teen-aged Bob is shocked to discover that their love was stronger than he thought, even strong enough to transcend death. 
650 1 |a Love  |x Fiction. 
650 1 |a Death  |x Fiction. 
999 |a MARS 
999 f f |s 41173ba4-a48a-3774-940d-90a92936c13f  |i 61c264ee-99be-340b-8f03-b95180bf4143  |t 0 
952 f f |p ric  |a Texas A&M University  |b Rellis Campus  |c Joint Library Facility  |d Remote Storage  |t 0  |e PZ7.W51953 Pr 1990  |h Library of Congress classification  |i unmediated -- volume  |m A14814754781 
998 f f |a PZ7.W51953 Pr 1990  |t 0  |l Remote Storage